Bilimsel düşünce ve araştırmada etik / (Record no. 16750)

MARC details
000 -LEADER
fixed length control field 00675 a2200241 4500
001 - CONTROL NUMBER
control field 16750
003 - CONTROL NUMBER IDENTIFIER
control field TR-AnTOB
005 - DATE AND TIME OF LATEST TRANSACTION
control field 20200512155541.0
008 - FIXED-LENGTH DATA ELEMENTS--GENERAL INFORMATION
fixed length control field 041102s2003 tu tur
020 ## - INTERNATIONAL STANDARD BOOK NUMBER
International Standard Book Number 9756981644
041 ## - LANGUAGE CODE
Language code of text/sound track or separate title Türkçe
050 ## - LIBRARY OF CONGRESS CALL NUMBER
Classification number Q175
Item number .B555 2003
090 ## - LOCALLY ASSIGNED LC-TYPE CALL NUMBER (OCLC); LOCAL CALL NUMBER (RLIN)
Classification number (OCLC) (R) ; Classification number, CALL (RLIN) (NR) Q175 .B555 2003
245 #0 - TITLE STATEMENT
Title Bilimsel düşünce ve araştırmada etik /
Statement of responsibility, etc. ed.Sedef Gidener, Hülya Güven.
264 #1 - PRODUCTION, PUBLICATION, DISTRIBUTION, MANUFACTURE, AND COPYRIGHT NOTICE
Place of production, publication, distribution, manufacture İzmir :
Name of producer, publisher, distributor, manufacturer Dokuz Eylül Yayınları,
Date of production, publication, distribution, manufacture, or copyright notice 2003
300 ## - PHYSICAL DESCRIPTION
Extent 357 p. ;
Dimensions 24 cm.
490 0# - SERIES STATEMENT
Series statement Dokuz Eylül Yayınları; İnceleme; 2
650 ## - SUBJECT ADDED ENTRY--TOPICAL TERM
Topical term or geographic name entry element Bilim
General subdivision Sosyal yönleri
9 (RLIN) 8048
Topical term or geographic name entry element Bilim
General subdivision Felsefe
9 (RLIN) 8030
Topical term or geographic name entry element Philosophy and science
9 (RLIN) 8029
902 ## - LOCAL DATA ELEMENT B, LDB (RLIN)
a 0009744
942 ## - ADDED ENTRY ELEMENTS (KOHA)
Koha item type Book
Holdings
Withdrawn status Lost status Source of classification or shelving scheme Materials specified (bound volume or other part) Not for loan Collection code Home library Current library Shelving location Date acquired Source of acquisition Serial Enumeration / chronology Total Checkouts Total Holds Full call number Barcode Copy number Date shelved Koha item type
      C.1 Ödünç Verilebilir / Available Genel Koleksiyon Merkez Kütüphane Merkez Kütüphane Genel Koleksiyon / Main Collection 30/12/2005 Satın Alma / Purchase 1     Q175 .B555 2003 0009744 1 21/04/2010 Book
Devinim Yazılım Eğitim Danışmanlık tarafından Koha'nın orjinal sürümü uyarlanarak geliştirilip kurulmuştur.